[Event "GRE-chT 49th"]
[Site "Thessaloniki"]
[Date "2022.08.14"]
[Round "4.4"]
[White "Vlahos, Kiriakos"]
[Black "Tzoumbas, Anastasios"]
[Result "0-1"]
[WhiteElo "2285"]
[BlackElo "2283"]
[PlyCount "110"]
[EventDate "2022.08.12"]
[EventType "team-swiss"]
[EventRounds "7"]
[EventCountry "GRE"]
[SourceTitle "CBM 209 Extra"]
[Source "ChessBase"]
[SourceDate "2022.09.30"]
[SourceVersion "1"]
[SourceVersionDate "2022.09.30"]
[SourceQuality "1"]
[WhiteTeam "OFI"]
[BlackTeam "Ames Neas Erythreas"]
[WhiteTeamCountry "GRE"]
[BlackTeamCountry "GRE"]

1. c4 e5 2. Nc3 Bb4 3. Nd5 Be7 4. Nf3 d6 5. d4 e4 6. Nd2 f5 7. Nb1 Bf8 8. h4 c6 9. Bg5 Qd7 10. Nf4 Qf7 11. h5 Nf6 12. e3 Na6 13. Nc3 Nc7 14. Be2 Be7 15. Qb3 0-0 16. 0-0-0 Rb8 17. f3 exf3 18. gxf3 Ne6 19. Nxe6 Bxe6 20. Bxf6 Qxf6 21. Qc2 d5 22. cxd5 cxd5 23. Bd3 Rfc8 24. Kb1 b5 25. Qh2 b4 26. Ne2 b3 27. Qe5 bxa2+ 28. Kxa2 Qxe5 29. dxe5 d4+ 30. Ka1 dxe3 31. Nd4 Bd5 32. Bxf5 Rc5 33. Rhe1 Ra5+ 34. Kb1 Ba2+ 35. Kc2 Rxe5 36. f4 Rc5+ 37. Kd3 Bf6 38. Bg4 Re8 39. Ke2 Bh4 40. b3 Bxe1 41. Rxe1 Rc3 42. Be6+ Rxe6 43. Nxe6 Bxb3 44. Nd4 Bc4+ 45. Kf3 Bd5+ 46. Ke2 a6 47. Nf5 Bc4+ 48. Kf3 e2+ 49. Kf2 a5 50. Ng3 a4 51. Ra1 Bb5 52. Ne4 Rd3 53. Re1 Rd1 54. Nc3 Rxe1 55. Kxe1 a3 0-1

[Event "Titled Tuesday intern op 21st Dec"]
[Site "Chess.com INT"]
[Date "2021.12.21"]
[Round "4"]
[White "Derraugh, Geordie"]
[Black "Tzoumbas, Anastasios"]
[Result "1/2-1/2"]
[WhiteElo "2209"]
[BlackElo "2287"]
[PlyCount "155"]
[EventDate "2021.12.21"]
[EventType "swiss (blitz)"]
[EventRounds "11"]
[EventCountry "USA"]
[SourceTitle "CBM 205 Extra"]
[Source "ChessBase"]
[SourceDate "2022.01.31"]
[SourceVersion "1"]
[SourceVersionDate "2022.01.31"]
[SourceQuality "1"]

1. e4 c5 2. c3 Nf6 3. e5 Nd5 4. d4 cxd4 5. Nf3 e6 6. cxd4 Nc6 7. Nc3 Nxc3 8. bxc3 d6 9. exd6 Bxd6 10. Bd3 Ne7 11. Bg5 h6 12. Bh4 0-0 13. Bc2 Qa5 14. Qd3 Ng6 15. Bg3 Rd8 16. Nh4 Nf8 17. 0-0 b6 18. f4 Ba6 19. c4 Rac8 20. Bb3 Rc7 21. f5 Bxg3 22. hxg3 e5 23. d5 Nd7 24. f6 Nxf6 25. Rxf6 gxf6 26. Nf5 Qc5+ 27. Kh2 Bxc4 28. Nxh6+ Kf8 29. Qf5 Bxd5 30. Qxf6 Rd6 31. Qh8+ Ke7 32. Nf5+ Kd7 33. Qxe5 Be6 34. Qxd6+ Qxd6 35. Nxd6 Kxd6 36. Rd1+ Ke7 37. Re1 a5 38. g4 b5 39. Kg3 a4 40. Bxe6 fxe6 41. Re2 Rc3+ 42. Kf4 b4 43. g5 b3 44. axb3 axb3 45. Kg4 Rc2 46. Re3 b2 47. Rb3 Rxg2+ 48. Kh5 Rh2+ 49. Kg6 e5 50. Kf5 Kd6 51. Rb6+ Kc5 52. Rb8 Kd4 53. g6 e4 54. g7 Rf2+ 55. Kg4 Rg2+ 56. Kf4 Rxg7 57. Rxb2 Rf7+ 58. Kg3 Ke3 59. Kg2 Rg7+ 60. Kf1 Rf7+ 61. Ke1 Rd7 62. Rb3+ Rd3 63. Rb2 Ra3 64. Re2+ Kd3 65. Rd2+ Ke3 66. Re2+ Kf3 67. Rf2+ Kg3 68. Rc2 e3 69. Ke2 Kf4 70. Rc4+ Ke5 71. Rg4 Ra2+ 72. Kxe3 Ra3+ 73. Kd2 Ra2+ 74. Kc3 Ra3+ 75. Kb2 Re3 76. Rb4 Rd3 77. Rb3 Rxb3+ 78. Kxb3 1/2-1/2

[Event "Titled Tuesday intern op 21st Dec"]
[Site "Chess.com INT"]
[Date "2021.12.21"]
[Round "2"]
[White "Mayaud, Raphael"]
[Black "Tzoumbas, Anastasios"]
[Result "0-1"]
[WhiteElo "2216"]
[BlackElo "2287"]
[PlyCount "158"]
[EventDate "2021.12.21"]
[EventType "swiss (blitz)"]
[EventRounds "11"]
[EventCountry "USA"]
[SourceTitle "CBM 205 Extra"]
[Source "ChessBase"]
[SourceDate "2022.01.31"]
[SourceVersion "1"]
[SourceVersionDate "2022.01.31"]
[SourceQuality "1"]

1. d4 Nf6 2. Bg5 Ne4 3. Bf4 d5 4. e3 g5 5. Be5 Rg8 6. Bd3 Nc6 7. Bg3 Nxg3 8. hxg3 h6 9. c4 e6 10. Nc3 Bg7 11. cxd5 exd5 12. Qb3 Ne7 13. Nf3 c6 14. 0-0-0 Bg4 15. Kb1 Qb6 16. Qc2 0-0-0 17. Rc1 Kb8 18. Ne5 Be6 19. Na4 Qc7 20. Nc5 Bxe5 21. dxe5 Qxe5 22. Rxh6 Bc8 23. Qb3 Ka8 24. Rhh1 f5 25. Rhd1 f4 26. exf4 gxf4 27. gxf4 Qxf4 28. Bf1 Qxf2 29. Na4 d4 30. Qa3 Nd5 31. Nc5 Rg3 32. Qa4 Bf5+ 33. Ka1 Bc8 34. Ba6 Nb6 35. Qa5 bxa6 36. Nxa6 Bxa6 37. Qxa6 Rxg2 38. Rb1 d3 39. Rxd3 Rxd3 40. Qxd3 Qd2 41. Qe4 Qd5 42. Qe8+ Kb7 43. Rf1 Rg7 44. a3 Rc7 45. Qg6 Qd7 46. Qc2 a5 47. Rc1 a4 48. Qc5 Qd5 49. Qc3 Qb5 50. Rd1 Rd7 51. Rxd7+ Nxd7 52. Qg7 Qf1+ 53. Ka2 Qc4+ 54. Kb1 Qd5 55. Qg4 Kb6 56. Qxa4 Qf5+ 57. Ka1 Qf1+ 58. Ka2 Qb5 59. Qf4 Ne5 60. Qf8 Qc4+ 61. Kb1 Qd3+ 62. Ka1 Qd1+ 63. Ka2 Qd5+ 64. Ka1 Nd7 65. Qb4+ Qb5 66. Qxb5+ Kxb5 67. b4 Ka4 68. Kb2 Nb6 69. Ka2 Nc4 70. b5 cxb5 71. Kb1 Kxa3 72. Kc2 Ka2 73. Kc3 Ka3 74. Kc2 b4 75. Kb1 b3 76. Ka1 b2+ 77. Kb1 Nd2+ 78. Kc2 b1Q+ 79. Kxd2 Qe4 0-1

[Event "EU-ch Online U2300 Qual"]
[Site "Chess.com INT"]
[Date "2020.05.25"]
[Round "3"]
[White "Myhrvold, Rune"]
[Black "Tzoumbas, Anastasios"]
[Result "1-0"]
[WhiteElo "2231"]
[BlackElo "2284"]
[PlyCount "47"]
[EventDate "2020.05.25"]
[EventType "swiss"]
[EventRounds "8"]
[EventCountry "NET"]
[SourceTitle "EXT 2021"]
[Source "ChessBase"]
[SourceDate "2020.10.23"]
[SourceVersion "1"]
[SourceVersionDate "2020.10.23"]
[SourceQuality "1"]

1. e4 c5 2. c3 d5 3. exd5 Qxd5 4. d4 Nf6 5. Nf3 cxd4 6. cxd4 e6 7. Nc3 Qa5 8. Bd3 Be7 9. 0-0 0-0 10. Be3 Nc6 11. a3 a6 12. Re1 b5 13. b4 Qc7 14. Rc1 Bb7 15. Ne4 Rfd8 16. Qc2 Rf8 17. Nxf6+ Bxf6 18. Bxh7+ Kh8 19. Be4 Rac8 20. Qe2 Qd6 21. Red1 Rfd8 22. Ng5 Bxg5 23. Qh5+ Kg8 24. Qh7+ 1-0

[Event "EU-ch Online U2300 Qual"]
[Site "Chess.com INT"]
[Date "2020.05.25"]
[Round "1"]
[White "Tzoumbas, Anastasios"]
[Black "Heinmets, Tonu"]
[Result "1/2-1/2"]
[WhiteElo "2284"]
[BlackElo "1886"]
[PlyCount "106"]
[EventDate "2020.05.25"]
[EventType "swiss"]
[EventRounds "8"]
[EventCountry "NET"]
[SourceTitle "EXT 2021"]
[Source "ChessBase"]
[SourceDate "2020.10.23"]
[SourceVersion "1"]
[SourceVersionDate "2020.10.23"]
[SourceQuality "1"]

1. e4 d6 2. d4 Nf6 3. Nc3 Nbd7 4. Nf3 e5 5. dxe5 dxe5 6. Bc4 c6 7. Ng5 Bb4 8. Nxf7 Qa5 9. Bd2 Rf8 10. a3 Rxf7 11. Bxf7+ Kxf7 12. axb4 Qxb4 13. 0-0 Nc5 14. Na4 Qb5 15. Nxc5 Qxc5 16. Be3 Qb4 17. Qd8 Qxe4 18. Qc7+ Kg6 19. Rxa7 Rxa7 20. Bxa7 Be6 21. Qxb7 Bc4 22. f3 Qxc2 23. Qxc6 Qe2 24. Rc1 Bd5 25. Qc2+ Qxc2 26. Rxc2 e4 27. Kf2 exf3 28. gxf3 Ne8 29. Bb8 Kf5 30. Rc5 Ke6 31. b4 Nf6 32. Ke3 Bb7 33. Rc7 Nd5+ 34. Kf2 Nxc7 35. Bxc7 g6 36. Kg3 Kf5 37. h3 h5 38. b5 Ba8 39. b6 Bb7 40. Bd8 Bc6 41. h4 Bb7 42. Bg5 Bc6 43. f4 Ke6 44. Kf2 Kd6 45. Ke3 Bd7 46. Bd8 Kc6 47. Kd4 Kb7 48. Ke5 Bf5 49. Kf6 Bb1 50. Kg5 Bf5 51. Bc7 Bb1 52. f5 Bxf5 53. Kf4 Bb1 1/2-1/2

[Event "EU-ch Online U2300 Qual"]
[Site "Chess.com INT"]
[Date "2020.05.25"]
[Round "7"]
[White "Tzoumbas, Anastasios"]
[Black "Kabadayi, Can"]
[Result "1-0"]
[WhiteElo "2284"]
[BlackElo "2176"]
[PlyCount "55"]
[EventDate "2020.05.25"]
[EventType "swiss"]
[EventRounds "8"]
[EventCountry "NET"]
[SourceTitle "EXT 2021"]
[Source "ChessBase"]
[SourceDate "2020.10.23"]
[SourceVersion "1"]
[SourceVersionDate "2020.10.23"]
[SourceQuality "1"]

1. c4 g6 2. Nc3 c5 3. g3 Bg7 4. Bg2 Nc6 5. Rb1 e5 6. a3 a5 7. e3 Nge7 8. Nge2 0-0 9. 0-0 d6 10. Nb5 Be6 11. Qc2 a4 12. Rd1 Na5 13. d3 d5 14. cxd5 Bxd5 15. Bxd5 Nxd5 16. Qxa4 Qd7 17. Nec3 Nb6 18. Qc2 Rfd8 19. b4 cxb4 20. Rxb4 Rac8 21. Qe2 Nc6 22. Rb1 Nd5 23. Ne4 Nce7 24. Bd2 f5 25. Ned6 Rc6 26. e4 Nf6 27. Bb4 Nc8 28. Qa2+ 1-0

[Event "Titled Tuesday intern op 28th Apr"]
[Site "Chess.com INT"]
[Date "2020.04.28"]
[Round "9"]
[White "Berger, Steve"]
[Black "Tzoumbas, Anastasios"]
[Result "1-0"]
[WhiteElo "2408"]
[BlackElo "2284"]
[PlyCount "107"]
[EventDate "2020.04.28"]
[EventType "swiss (blitz)"]
[EventRounds "10"]
[EventCountry "USA"]
[SourceTitle "EXT 2021"]
[Source "ChessBase"]
[SourceDate "2020.10.23"]
[SourceVersion "1"]
[SourceVersionDate "2020.10.23"]
[SourceQuality "1"]

1. e4 c5 2. Nc3 a6 3. g3 b5 4. Bg2 Bb7 5. Nge2 e6 6. 0-0 b4 7. Na4 d5 8. exd5 exd5 9. Re1 Be7 10. Nf4 Kf8 11. d4 c4 12. b3 cxb3 13. axb3 Nf6 14. Bd2 Nbd7 15. Nd3 a5 16. Nac5 Bc6 17. Qf3 Nxc5 18. Nxc5 Bxc5 19. dxc5 Ne4 20. Be3 h5 21. Rad1 h4 22. Qf4 Nc3 23. Rd2 hxg3 24. fxg3 Rh6 25. Bd4 Qd7 26. Rf2 Nb5 27. Bb2 Re8 28. Ref1 f6 29. g4 Re4 30. Bxe4 dxe4 31. Rd2 Qe8 32. g5 Rg6 33. h4 Kg8 34. Rg2 e3 35. Re2 fxg5 36. hxg5 Nc3 37. Bxc3 bxc3 38. Rxe3 Re6 39. Qf8+ Qxf8 40. Rxf8+ Kxf8 41. Rxe6 Bd7 42. Re3 Kf7 43. Rxc3 Bc6 44. Rd3 Ke7 45. Rd6 Be4 46. c3 Bc2 47. b4 a4 48. Ra6 Bb3 49. Kf2 Kd7 50. Ke3 Kc7 51. Kd4 g6 52. b5 Kb7 53. c6+ Kc7 54. Kc5 1-0

[Event "Titled Tuesday intern op 28th Apr"]
[Site "Chess.com INT"]
[Date "2020.04.28"]
[Round "6"]
[White "Tzoumbas, Anastasios"]
[Black "Alvarez Fernandez, Enrique"]
[Result "0-1"]
[WhiteElo "2284"]
[BlackElo "2376"]
[PlyCount "68"]
[EventDate "2020.04.28"]
[EventType "swiss (blitz)"]
[EventRounds "10"]
[EventCountry "USA"]
[SourceTitle "EXT 2021"]
[Source "ChessBase"]
[SourceDate "2020.10.23"]
[SourceVersion "1"]
[SourceVersionDate "2020.10.23"]
[SourceQuality "1"]

1. e4 c5 2. Nf3 d6 3. c3 Nf6 4. Be2 g6 5. 0-0 Bg7 6. Re1 0-0 7. Bf1 Nc6 8. h3 e5 9. d3 d5 10. exd5 Nxd5 11. a3 Re8 12. Nbd2 b6 13. Nc4 Bb7 14. Bd2 b5 15. Ne3 Nf4 16. Qc2 Qd7 17. Rad1 Rad8 18. Bc1 h6 19. b4 cxb4 20. axb4 Kh7 21. d4 exd4 22. Bxb5 d3 23. Qa4 a6 24. Bc4 Nxh3+ 25. gxh3 Qxh3 26. Nh2 Nd4 27. Nd5 Ne2+ 28. Rxe2 dxe2 29. Re1 Bxc3 30. Nf4 Bxe1 31. Nxh3 Bxf2+ 32. Nxf2 e1Q+ 33. Nf1 Qxc1 34. Bxf7 Qg5+ 0-1

[Event "Titled Tuesday intern op 28th Apr"]
[Site "Chess.com INT"]
[Date "2020.04.28"]
[Round "4"]
[White "Tzoumbas, Anastasios"]
[Black "Hernandez, William"]
[Result "1-0"]
[WhiteElo "2284"]
[BlackElo "1543"]
[PlyCount "121"]
[EventDate "2020.04.28"]
[EventType "swiss (blitz)"]
[EventRounds "10"]
[EventCountry "USA"]
[SourceTitle "EXT 2021"]
[Source "ChessBase"]
[SourceDate "2020.10.23"]
[SourceVersion "1"]
[SourceVersionDate "2020.10.23"]
[SourceQuality "1"]

1. e4 c5 2. Nf3 d6 3. c3 Nf6 4. Be2 Nc6 5. d4 cxd4 6. cxd4 d5 7. e5 Ne4 8. 0-0 g6 9. Be3 Bg7 10. Nbd2 Nxd2 11. Nxd2 0-0 12. Nb3 f6 13. f4 b6 14. Rc1 Bb7 15. Bb5 Rc8 16. Qe2 fxe5 17. fxe5 Qd7 18. a3 Rxf1+ 19. Rxf1 Rf8 20. Rxf8+ Bxf8 21. Qc2 a6 22. Bd3 Nd8 23. Bxg6 hxg6 24. Qxg6+ Bg7 25. Qxb6 Ne6 26. Nc5 Nxc5 27. Qxc5 Kf7 28. h3 Qb5 29. Qxb5 axb5 30. b4 Bc8 31. g4 Kg6 32. Kf2 Be6 33. Kf3 Bg8 34. Bf4 Kf7 35. h4 Bh7 36. h5 Bc2 37. Ke2 Bf8 38. g5 Be4 39. g6+ Ke6 40. Bg5 Bf5 41. Ke3 Bc2 42. Kf4 Bd3 43. Kg4 Be2+ 44. Kh4 Bd3 45. Kg3 Bc2 46. Kf4 Bd3 47. Ke3 Bb1 48. Kd2 Kf5 49. Bxe7 Bh6+ 50. Kc3 Kg4 51. Bf6 Kxh5 52. g7 Bh7 53. e6 Kg6 54. e7 Kf7 55. Kb3 Bg8 56. a4 bxa4+ 57. Kxa4 Ke8 58. b5 Bf4 59. b6 Be6 60. Be5 Bg5 61. b7 1-0

[Event "Attica CupT final"]
[Site "Athens"]
[Date "2015.05.24"]
[Round "6.3"]
[White "Goumas, Georgios"]
[Black "Tzoumbas, Anastasios"]
[Result "0-1"]
[WhiteElo "2370"]
[BlackElo "2327"]
[PlyCount "176"]
[EventDate "2015.05.23"]
[EventType "team-k.o."]
[EventRounds "2"]
[EventCountry "GRE"]
[SourceTitle "EXT 2024"]
[Source "ChessBase"]
[SourceDate "2023.10.10"]
[SourceVersion "1"]
[SourceVersionDate "2023.10.10"]
[SourceQuality "1"]

1. e4 c5 2. Nf3 d6 3. Bb5+ Nd7 4. 0-0 Ngf6 5. Re1 a6 6. Bd3 Ne5 7. Nxe5 dxe5 8. a4 Bg4 9. Be2 Be6 10. Na3 g6 11. Bc4 Bg4 12. Be2 Be6 13. d3 Bg7 14. b3 0-0 15. Nc4 Nd7 16. a5 Qc7 17. Bb2 Rad8 18. Bg4 Bxg4 19. Qxg4 Nb8 20. Ba3 e6 21. Qg3 Rfe8 22. b4 cxb4 23. Bxb4 f6 24. h4 Bh6 25. Rab1 Rd7 26. Rb3 Bf4 27. Qf3 Kg7 28. g3 Bh6 29. Reb1 Nc6 30. Bc3 Rb8 31. Rb6 Qd8 32. Kg2 Rc7 33. R1b3 Kg8 34. Qg4 Qd7 35. h5 Kf7 36. Qf3 Kg7 37. Qd1 Kg8 38. Qg4 g5 39. Qf3 Rf8 40. Ne3 Bg7 41. Nc4 Rf7 42. Qe3 h6 43. Rb1 Bf8 44. R6b3 Qe8 45. Bb2 Rfd7 46. Qf3 Qf7 47. Bc3 Bc5 48. Nb6 Rd8 49. Nc4 Re7 50. g4 Rf8 51. Ba1 Rd7 52. Bc3 Qg7 53. Re1 Bd4 54. Bd2 Qh7 55. Be3 f5 56. exf5 exf5 57. gxf5 g4 58. Qe4 Rxf5 59. c3 Bxe3 60. Nxe3 Rf4 61. Qxh7+ Kxh7 62. Nc4 Rf5 63. Reb1 Nd8 64. Re1 Nf7 65. Reb1 Nd8 66. Re1 Rdf7 67. Re2 Ne6 68. Nd6 Nf4+ 69. Kf1 Rxh5 70. Ke1 Nxd3+ 71. Kd2 Nc5 72. Nxf7 Nxb3+ 73. Kc2 Nxa5 74. Nxe5 Rg5 75. Nf7 Rg7 76. Nd6 Nc6 77. Kb3 b5 78. Nf5 Rg6 79. Re8 Rf6 80. Ne3 h5 81. Nd5 Rxf2 82. Re6 Na5+ 83. Kb4 Nc4 84. Nf6+ Rxf6 85. Rxf6 g3 86. Rf3 g2 87. Rg3 Ne3 88. Ka5 h4 0-1

[Event "GRE-chT"]
[Site "Aghia Pelagia"]
[Date "2004.07.11"]
[Round "9.3"]
[White "Petrov, Marian"]
[Black "Tzoumbas, Anastasios"]
[Result "1/2-1/2"]
[WhiteElo "2441"]
[BlackElo "2339"]
[PlyCount "84"]
[EventDate "2004.07.04"]
[EventType "team"]
[EventRounds "9"]
[EventCountry "GRE"]
[SourceTitle "CBM 101 Extra"]
[Source "ChessBase"]
[SourceDate "2004.09.01"]
[SourceVersion "2"]
[SourceVersionDate "2004.09.01"]
[SourceQuality "1"]
[WhiteTeam "07"]
[BlackTeam "13"]
[WhiteTeamCountry "GRE"]
[BlackTeamCountry "GRE"]

1. e4 c5 2. Nf3 d6 3. d4 cxd4 4. Nxd4 Nf6 5. Nc3 a6 6. f4 Qc7 7. Bd3 Nbd7 8. Nf3 b5 9. 0-0 Bb7 10. a3 e5 11. Qe1 Be7 12. Nh4 g6 13. Kh1 h6 14. Nf3 Nc5 15. b4 Nxd3 16. cxd3 Rc8 17. Bd2 exf4 18. Rc1 Nh5 19. Nd5 Qd8 20. Rxc8 Bxc8 21. Nxf4 Nxf4 22. Bxf4 g5 23. Be3 0-0 24. Nd4 Re8 25. Qf2 f6 26. h4 Rf8 27. Nf5 Kh7 28. Bd4 Rf7 29. Nxe7 Qxe7 30. Bxf6 Qe6 31. Qf3 g4 32. Qf4 Kg6 33. h5+ Kxh5 34. d4 Kg6 35. e5 Qf5 36. Kh2 dxe5 37. dxe5 Rc7 38. Bd8 Qxf4+ 39. Rxf4 Rf7 40. Rd4 Kf5 41. Rd6 Rd7 42. Rxd7 Bxd7 1/2-1/2

[Event "GRE-chT 32nd"]
[Site "Kallithea"]
[Date "2003.07.05"]
[Round "2"]
[White "Tzoumbas, Anastasios"]
[Black "Daskevics, Vadims"]
[Result "1-0"]
[WhiteElo "2332"]
[BlackElo "2169"]
[PlyCount "91"]
[EventDate "2003.07.04"]
[EventType "team-tourn"]
[EventRounds "9"]
[EventCountry "GRE"]
[SourceTitle "CBM 095 Extra"]
[Source "ChessBase"]
[SourceDate "2003.09.04"]
[SourceVersion "1"]
[SourceVersionDate "2003.09.04"]
[SourceQuality "1"]

1. e4 c5 2. Nf3 Nc6 3. Bb5 g6 4. 0-0 Bg7 5. c3 Nf6 6. Re1 0-0 7. h3 e5 8. d3 Re8 9. Nbd2 Qc7 10. a3 a6 11. Bc4 h6 12. b4 d6 13. Rb1 b5 14. Ba2 cxb4 15. cxb4 Be6 16. Bxe6 Rxe6 17. Nb3 d5 18. Qc2 Rc8 19. exd5 Nxd5 20. Nc5 Nce7 21. Qb3 Rd6 22. Nxe5 a5 23. Bd2 Nf5 24. Rbc1 Qa7 25. Nf3 axb4 26. axb4 Ra8 27. Ne4 Rdd8 28. Rc5 Qa3 29. Qxa3 Rxa3 30. Rxb5 Rxd3 31. Nc5 Rxd2 32. Nxd2 Nc3 33. Rb7 Rxd2 34. Re8+ Kh7 35. Rd7 Rb2 36. g4 Nd4 37. Rxf7 Nd5 38. Rd8 Ne2+ 39. Kh2 Nef4 40. Rdd7 Rxf2+ 41. Kg3 Rg2+ 42. Kf3 g5 43. Rxg7+ Kh8 44. Rh7+ Kg8 45. Rdg7+ Kf8 46. Nd7+ 1-0

[Event "GRE-chT 29th"]
[Site "Athens"]
[Date "2000.07.11"]
[Round "6"]
[White "Dimbas, Dimitrios"]
[Black "Tzoumbas, Anastasios"]
[Result "1/2-1/2"]
[WhiteElo "2057"]
[BlackElo "2352"]
[PlyCount "37"]
[EventDate "2000.07.06"]
[EventType "team"]
[EventRounds "8"]
[EventCountry "GRE"]
[SourceTitle "EXT 2001"]
[Source "ChessBase"]
[SourceDate "2000.11.22"]
[SourceVersion "1"]
[SourceVersionDate "2000.11.22"]
[SourceQuality "1"]

1. e4 c5 2. Nf3 d6 3. d4 cxd4 4. Nxd4 Nf6 5. Nc3 a6 6. Be2 e5 7. Nb3 Be7 8. Be3 Be6 9. a4 Nc6 10. 0-0 0-0 11. f4 exf4 12. Rxf4 Ne5 13. Nd4 Rc8 14. Kh1 Re8 15. a5 Bc4 16. Nf5 Ng6 17. Rf2 Bxe2 18. Qxe2 Qd7 19. Bd4 1/2-1/2

[Event "GRE-chT 29th"]
[Site "Athens"]
[Date "2000.07.09"]
[Round "4"]
[White "Pandavos, Panayotis"]
[Black "Tzoumbas, Anastasios"]
[Result "1/2-1/2"]
[WhiteElo "2333"]
[BlackElo "2352"]
[PlyCount "98"]
[EventDate "2000.07.06"]
[EventType "team"]
[EventRounds "8"]
[EventCountry "GRE"]
[SourceTitle "EXT 2001"]
[Source "ChessBase"]
[SourceDate "2000.11.22"]
[SourceVersion "1"]
[SourceVersionDate "2000.11.22"]
[SourceQuality "1"]

1. e4 c5 2. Nf3 d6 3. d4 cxd4 4. Nxd4 Nf6 5. Nc3 a6 6. Bg5 e6 7. Qd3 h6 8. Bh4 Nbd7 9. f4 Be7 10. 0-0-0 Nc5 11. Qe2 g5 12. fxg5 hxg5 13. Bxg5 Nfxe4 14. Bxe7 Nxc3 15. Bxd8 Nxe2+ 16. Nxe2 Kxd8 17. Rxd6+ Ke7 18. Rd4 b5 19. b4 Na4 20. c4 Bb7 21. c5 e5 22. Rd2 Rag8 23. h4 Rg4 24. a3 Rhxh4 25. Rxh4 Rxh4 26. Ng3 Rf4 27. Bd3 e4 28. Bc2 Ke6 29. Rd6+ Ke5 30. Rd8 Bc6 31. Rd6 Bd5 32. Rd8 Rg4 33. Nf1 Be6 34. Bxa4 bxa4 35. g3 Rg6 36. Kd2 Rf6 37. Ne3 Rf2+ 38. Kc3 Rf3 39. Kd2 Rf2+ 40. Kc3 Rf3 41. Kd2 Rxg3 42. c6 Kf4 43. Nd5+ Kf3 44. c7 Kf2 45. Re8 Rd3+ 46. Kc2 Bxd5 47. c8Q Bb3+ 48. Kb2 Rd2+ 49. Kb1 Rd1+ 1/2-1/2

[Event "Chania op 9th"]
[Site "Chania"]
[Date "1999.08.09"]
[Round "7"]
[White "Koukoufikis, Georgios"]
[Black "Tzoumbas, Anastasios"]
[Result "1/2-1/2"]
[WhiteElo "2162"]
[BlackElo "2347"]
[PlyCount "28"]
[EventDate "1999.08.03"]
[EventType "swiss"]
[EventRounds "9"]
[EventCountry "GRE"]
[SourceTitle "EXT 2000"]
[Source "ChessBase"]
[SourceDate "1999.11.16"]
[SourceVersion "1"]
[SourceVersionDate "1999.11.16"]
[SourceQuality "1"]

1. e4 c5 2. Nc3 a6 3. a4 e6 4. g3 d5 5. exd5 exd5 6. d4 cxd4 7. Qxd4 Be6 8. Bg2 Nc6 9. Qd1 d4 10. Ne4 d3 11. c3 Na5 12. Nf3 Nb3 13. Rb1 Ne7 14. 0-0 Nc6 1/2-1/2

[Event "Chania op 9th"]
[Site "Chania"]
[Date "1999.08.08"]
[Round "6"]
[White "Tzoumbas, Anastasios"]
[Black "Marjanovic, Slavoljub"]
[Result "0-1"]
[WhiteElo "2347"]
[BlackElo "2508"]
[PlyCount "64"]
[EventDate "1999.08.03"]
[EventType "swiss"]
[EventRounds "9"]
[EventCountry "GRE"]
[SourceTitle "EXT 2000"]
[Source "ChessBase"]
[SourceDate "1999.11.16"]
[SourceVersion "1"]
[SourceVersionDate "1999.11.16"]
[SourceQuality "1"]

1. e4 c5 2. Nf3 e6 3. d3 Nc6 4. g3 g6 5. Bg2 Bg7 6. 0-0 Nge7 7. h4 h6 8. Re1 d6 9. Nbd2 e5 10. a4 Be6 11. Nc4 Qd7 12. c3 f5 13. Qe2 0-0 14. exf5 gxf5 15. Rb1 Rae8 16. b4 e4 17. b5 Bxc4 18. bxc6 Nxc6 19. Ne5 exd3 20. Nxd7 Rxe2 21. Rxe2 dxe2 22. Bd2 Re8 23. Bxc6 bxc6 24. f3 Be6 25. Nb8 Ba2 26. Ra1 Bd5 27. Rb1 Bxf3 28. a5 Be4 29. Rb7 Bd3 30. Kf2 e1Q+ 31. Bxe1 Re2+ 32. Kf3 Rxe1 0-1

[Event "Ano Liosia op 10th"]
[Site "Athens"]
[Date "1999.??.??"]
[Round "7"]
[White "Zamit, Spyridon"]
[Black "Tzoumbas, Anastasios"]
[Result "0-1"]
[WhiteElo "2061"]
[BlackElo "2355"]
[PlyCount "47"]
[EventDate "1999.01.02"]
[EventType "swiss"]
[EventRounds "9"]
[EventCountry "GRE"]
[SourceTitle "EXT 2000"]
[Source "ChessBase"]
[SourceDate "1999.11.16"]
[SourceVersion "1"]
[SourceVersionDate "1999.11.16"]
[SourceQuality "1"]

1. e4 c5 2. c4 Nc6 3. Ne2 Nd4 4. Nxd4 cxd4 5. f4 e5 6. d3 Bb4+ 7. Bd2 Bxd2+ 8. Nxd2 exf4 9. Nf3 Nh6 10. Qd2 0-0 11. Nxd4 f5 12. 0-0-0 Qb6 13. Nxf5 Nxf5 14. exf5 d5 15. d4 Bxf5 16. c5 Qg6 17. Rg1 f3 18. g4 Be4 19. Bd3 f2 20. Rgf1 Bxd3 21. Qxd3 Qxg4 22. Rd2 Qg2 23. Qe2 Rae8 24. Qd1 0-1

[Event "GRE-chT"]
[Site "Poros"]
[Date "1998.04.21"]
[Round "3"]
[White "Tzoumbas, Anastasios"]
[Black "Rychagov, Andrey"]
[Result "1/2-1/2"]
[WhiteElo "2380"]
[BlackElo "2495"]
[PlyCount "76"]
[EventDate "1998.??.??"]
[EventType "team"]
[EventRounds "9"]
[EventCountry "GRE"]
[SourceTitle "EXT 1999"]
[Source "ChessBase"]
[SourceDate "1998.11.16"]
[SourceVersion "1"]
[SourceVersionDate "1998.11.16"]
[SourceQuality "1"]

1. e4 c5 2. c3 Nf6 3. e5 Nd5 4. d4 cxd4 5. Nf3 Nc6 6. Bc4 Nb6 7. Bb3 g6 8. 0-0 Bg7 9. Bf4 0-0 10. cxd4 d5 11. exd6 Bg4 12. Nc3 exd6 13. h3 Qf6 14. hxg4 Qxf4 15. g5 Nxd4 16. Nxd4 Qxd4 17. Qf3 Qh4 18. Qxb7 Qxg5 19. Rad1 Be5 20. Rd3 Qd8 21. f4 Bxc3 22. bxc3 Qc8 23. Qf3 Nd7 24. Rxd6 Qc5+ 25. Rd4 Nf6 26. f5 g5 27. Qg3 h6 28. Qd6 Qxd6 29. Rxd6 Kg7 30. Ra6 Rfe8 31. Rd1 Re5 32. Rf1 h5 33. c4 h4 34. Rc6 Rd8 35. c5 Rd2 36. Bd1 Re3 37. Rd6 Rxd6 38. cxd6 Rd3 1/2-1/2

[Event "Ikaros/Thessaloniki"]
[Site "Athens"]
[Date "1997.??.??"]
[Round "3"]
[White "Cela, Altin"]
[Black "Tzoumbas, Anastasios"]
[Result "1-0"]
[WhiteElo "2450"]
[BlackElo "2365"]
[PlyCount "55"]
[EventDate "1997.??.??"]
[EventType "tourn"]
[EventRounds "11"]
[EventCountry "GRE"]
[EventCategory "7"]
[SourceTitle "EXT 2004"]
[Source "ChessBase"]
[SourceDate "2003.11.25"]
[SourceVersion "1"]
[SourceVersionDate "2003.11.25"]
[SourceQuality "1"]

1. e4 c5 2. Nf3 d6 3. d4 cxd4 4. Nxd4 Nf6 5. Nc3 a6 6. Bg5 e6 7. f4 Be7 8. Qf3 h6 9. Bh4 Qa5 10. 0-0-0 Nbd7 11. Bf2 g5 12. g3 Rg8 13. Kb1 h5 14. Bc4 Nc5 15. Rhe1 Qc7 16. e5 dxe5 17. fxe5 Ng4 18. Nf5 exf5 19. Nd5 Qc6 20. Nf6+ Bxf6 21. exf6+ Ne4 22. Bd5 Qc7 23. Bxe4 fxe4 24. Qxe4+ Ne5 25. Rd5 Be6 26. Rxe5 Qd7 27. Rd5 Qc7 28. Qh7 1-0